LEADER 01183nam a2200265 u 4500 001 000000110670 003 CaOOAMICUS 005 20080318111532.0 008 080314s2007 it u000 u ita u 020 $z978-88-217-2662-0* 040 $aPUL(R)$bita$dBc 100 1 $aConserva, Martino.$0(OLS)http://pul/name/67856 245 10$aRussia :$bcommercio internazionale e investimenti esteri /$cMartino Conserva. 260 $a[S.l.] :$bIpsoa,$c2007. 300 $axxxiii, 467 p. ;$c24 cm. 490 1 $aPaesi emergenti ;$v7. 650 4$aDiritto commerciale$zRussia.$0(OLS)http://pul/subject/30091 651 4$aRussia$xRelazioni economiche e commerciali.$0(OLS)http://pul/subject/34208 830 0$aPaesi emergenti ;$v7.$0(OLS)http://pul/title/139180 850 $aPUL 852 $aPUL$W1$xSL Diritto e Scienze Sociali 3$y79$m346. 5 COLL 1.7$j126792$qDDC 21$B125513$CPULBib$Z2$F125513 $H106763 $82 941 1 $a9 996 $6020$z978-88-217-2662-0*$9(OLS)http://pul/number/137528 996 $6245$aRussia :$bcommercio internazionale e investimenti esteri$9(OLS)http://pul/title/139178 996 $6260$a[S.l.] :$bIpsoa$9(OLS)http://pul/publisher/77155 LEADER 01356nam a2200265 a 4500 001 000000162850 003 CaOOAMICUS 005 20170922110933.0 008 170922s1994 it m 001 u ita r 032 $aLibriCat 040 $aPUL$bita 100 1 $aLongoni, Fabiano.$0(OLS)http://pul/name/75664 245 10$aVerso l'organizzazione politico giuridica della comunità mondiale :$bcontributo del card. Pietro Pavan alla dottrina sociale della Chiesa /$cauctore Fabiano Longoni. 260 $aVenezia :$b[s.n.],$c1994. 300 $a91 p. ;$c24 cm. 502 $aEstratto da tesi -- Pontificia Universitas Gregoriana. Facultas Scientiarum Socialium. 1994. 504 $aBibliografia in nota. 600 14$aPavan, Pietro,$ccard.,$d1903-1994.$0(OLS)http://pul/subject/21855 710 2 $aPontificia Università Gregoriana.$bFacoltà di scienze sociali.$kTesi.$0(OLS)http://pul/name/35944 850 $aPUL 852 $aPUL$W1$xDP1 Tesi Pon. Univ. Gregoriana$y40$mTH PUG 4083$j186825$qTesi$B190068$CPULBib$Z2$F190068 $H75066 $82 941 1 $a16 996 $6245$aVerso l'organizzazione politico giuridica della comunità mondiale :$bcontributo del card. Pietro Pavan alla dottrina sociale della Chiesa$9(OLS)http://pul/title/202592 996 $6260$aVenezia :$b[s.n.]$9(OLS)http://pul/publisher/48875